000 00335nam a2200133Ia 4500
008 240624s9999 xx 000 0 und d
041 _aeng
082 _a530 EIN
100 _aEINSTEIN ALBERT
245 _aSPECIAL AND GENERAL RELATIVITY
260 _c2019
_aLondon
_bFlame Tree Publication
300 _a239p. ;23cm.
365 _c
_b33
999 _c32755
_d32755